Statistics for Country Trivia

Click here to take the quiz!

General Stats

  • This quiz has been taken 19 times
  • The average score is 11 of 15

Answer Stats

HintAnswer% Correct
Country where the first democracy was locatedGreece
100%
Largest Exclusive Economic ZoneFrance
93%
Smallest CoastlineMonaco
93%
Where the Mazateco language is fromMexico
87%
Country named after Phillip of Spain.Phillipines
87%
Where the person America is named after is fromItaly
73%
Location of OlsztynPoland
73%
Country only recognised by 12 other countries including GuatemalaTaiwan
73%
Largest country without an element named after it (including regions)China
67%
Where the Xhosa people liveSouth Africa
67%
A Member of Caricom not in the CarribeanBelize | Guyana | Suriname
53%
Country that Lestie III RulesLesotho
53%
Where Jean-Jacques Roussea is fromSwitzerland
53%
Largest exporter of UraniumKazakhstan
40%
Smallest RepublicNauru
40%

Score Distribution

Percentile by Number Answered

Percent of People with Each Score

Your Score History

You have not taken this quiz